Процесс компактирования порошков состава (моль%) 97ZRO2‒3Y2O3; Ресурсоэффективные системы в управлении и контроле: взгляд в будущее; Т. 1

Bibliographische Detailangaben
Parent link:Ресурсоэффективные системы в управлении и контроле: взгляд в будущее: сборник научных трудов V Международной конференции школьников, студентов, аспирантов, молодых ученых, г. Томск. 3-8 октября 2016 г./ Национальный исследовательский Томский политехнический университет (ТПУ).— , 2016
Т. 1.— 2016.— [С. 162-164]
1. Verfasser: Петрова А. Б. Анна Борисовна
Körperschaften: Национальный исследовательский Томский политехнический университет (ТПУ) Институт неразрушающего контроля (ИНК) Проблемная научно-исследовательская лаборатория электроники, диэлектриков и полупроводников (ПНИЛ ЭДиП), Национальный исследовательский Томский политехнический университет (ТПУ) Институт неразрушающего контроля (ИНК) Кафедра физических методов и приборов контроля качества (ФМПК)
Weitere Verfasser: Суржиков А. П. Анатолий Петрович (научный руководитель)
Zusammenfassung:Заглавие с титульного экрана
Sprache:Russisch
Veröffentlicht: 2016
Schriftenreihe:Современные технологии в неразрушающем контроле
Schlagworte:
Online-Zugang:http://earchive.tpu.ru/handle/11683/35050
Format: MixedMaterials Elektronisch Buchkapitel
KOHA link:https://koha.lib.tpu.ru/cgi-bin/koha/opac-detail.pl?biblionumber=621187

MARC

LEADER 00000naa2a2200000 4500
001 621187
005 20231101133141.0
035 |a (RuTPU)RU\TPU\conf\19754 
035 |a RU\TPU\conf\19751 
090 |a 621187 
100 |a 20161205d2016 k y0rusy50 ca 
101 0 |a rus 
102 |a RU 
105 |a y z 101zy 
135 |a drcn ---uucaa 
181 0 |a i  
182 0 |a b 
200 1 |a Процесс компактирования порошков состава (моль%) 97ZRO2‒3Y2O3  |f А. Б. Петрова  |g науч. рук. А. П. Суржиков 
203 |a Текст  |c электронный 
225 1 |a Современные технологии в неразрушающем контроле 
230 |a 1 компьютерный файл (pdf; 268 Kb) 
300 |a Заглавие с титульного экрана 
320 |a [Библиогр.: с. 164 (6 назв.)] 
461 1 |0 (RuTPU)RU\TPU\conf\19613  |t Ресурсоэффективные системы в управлении и контроле: взгляд в будущее  |o сборник научных трудов V Международной конференции школьников, студентов, аспирантов, молодых ученых, г. Томск. 3-8 октября 2016 г.  |o в 3 т.  |f Национальный исследовательский Томский политехнический университет (ТПУ)  |d 2016 
463 1 |0 (RuTPU)RU\TPU\conf\19614  |t Т. 1  |v [С. 162-164]  |d 2016 
610 1 |a труды учёных ТПУ 
610 1 |a электронные ресурсы 
610 1 |a циркониевая керамика 
610 1 |a гидролиз 
610 1 |a плазмохимические порошки 
610 1 |a плазмохимический синтез 
610 1 |a сферические формы 
610 1 |a ультрадисперсные порошки 
700 1 |a Петрова  |b А. Б.  |c специалист в области неразрушающего контроля  |c младший научный сотрудник Томского политехнического университета  |f 1992-  |g Анна Борисовна  |2 stltpush  |3 (RuTPU)RU\TPU\pers\36004 
702 1 |a Суржиков  |b А. П.  |c физик  |c профессор Томского политехнического университета, доктор физико-математических наук  |f 1951-  |g Анатолий Петрович  |2 stltpush  |4 727 
712 0 2 |a Национальный исследовательский Томский политехнический университет (ТПУ)  |b Институт неразрушающего контроля (ИНК)  |b Проблемная научно-исследовательская лаборатория электроники, диэлектриков и полупроводников (ПНИЛ ЭДиП)  |h 194  |2 stltpush  |3 (RuTPU)RU\TPU\col\19033 
712 0 2 |a Национальный исследовательский Томский политехнический университет (ТПУ)  |b Институт неразрушающего контроля (ИНК)  |b Кафедра физических методов и приборов контроля качества (ФМПК)  |h 68  |2 stltpush  |3 (RuTPU)RU\TPU\col\18709 
801 2 |a RU  |b 63413507  |c 20161210  |g RCR 
856 4 |u http://earchive.tpu.ru/handle/11683/35050 
942 |c BK